000
00307nam a2200133Ia 4500
008
150301s2015 xx 000 0 und d
082
_a
615.1
_b
P15A
100
_a
AGARWAL , S.P
245
_a
PHARMACEUTICS -|
260
_b
BIRLA PUBLISHER
300
_a
280
650
_a
PHARMACEUTICS
942
_2
ddc
_c
BK
_0
14
999
_c
7053
_d
7053